| 000 | 00959nam a22002297a 4500 | ||
|---|---|---|---|
| 003 | Uzh_bibl | ||
| 008 | 260427b |||||||| |||| 00| 0 ukr d | ||
| 020 | _c1.10 | ||
| 040 | _aукр. | ||
| 041 |
_2ukr _aukr |
||
| 080 | _a821(477) | ||
| 090 |
_a821(477) _bН 50 |
||
| 100 | _aНемирович, Іван | ||
| 245 |
_aНа круги своя _hТекст |
||
| 260 |
_aКиїв _bРадянський письменник _c1985 |
||
| 300 |
_a255 с. _fВ опр. |
||
| 521 | _aДля широкого кола читачів | ||
| 546 | _aукр. | ||
| 650 |
_aЛ _yДруга половина ХХ століття (радянський період, сучасний автору) _zПодії розгортаються в Україні, переважно в міському та сільському середовищі |
||
| 655 | _vСатирично-гумористичні повісті та оповідання | ||
| 942 |
_2udc _cBK |
||
| 999 |
_c17521 _d17521 |
||